000 00617nam a2200241 a 4500
001 nice12345678
003 IN_TiNIC
005 20260116014124.0
008 110429s2010 newa grp 000 0 eng
020 _a9788125041870
_c895
082 0 0 _a900
_bRAO
100 _aRao, K V Krishna
245 _aInvincibility
_b Challrnges and Leadership
260 _aNew Delhi
_bOrient Blackswan
_c2010
300 _a438p
500 _aincludes index and biblioraphy
505 2 _amaps, biblio, index
650 _aHistory-World
700 1 _aRao, K V Krishna
902 _bSRS
942 _cBK
999 _c13972
_d13972